000 00939nam a22001697a 4500
003 OSt
005 20260424094906.0
008 260424b |||||||| |||| 00| 0 eng d
040 _aDWCL GS lib
_cOC
082 _aFic. D886t 2010
100 _aDumas, Alexandre
245 _aillustrated classics collection:
_bthe three musketeers
_c Alexandre Dumas
260 _aManila, Philippines
_bLampara Publishing House
_cc2010
520 _aThe Three Musketeers (1844) by Alexandre Dumas is a classic historical adventure novel following D'Artagnan, a young man who travels to Paris to join the elite Musketeers of the Guard. He befriends three formidable musketeers—Athos, Porthos, and Aramis—engaging in court intrigue, romance, and battles against Cardinal Richelieu's agents under the motto "All for one and one for all".
700 _a Alexandre Dumas
942 _2ddc
_cFIC.
_hFic. D886t 2010
_n0
999 _c9866
_d9866